000 00567nam a2200229Ia 4500
003 OSt
005 20221005114514.0
006 a|||||r|||| 00| 0
007 ta
008 221004b |||||||| |||| 00| 0 mal d
024 _a55849
037 _cTextual
040 _aCRL
_cCRL
_bmal
041 _2mal
_amal
082 _aO32,2N,2, K1
100 _aKurup Sankara Au.
_9626057
245 0 _a15-Aug
260 _c1961
650 _aMALAYALAM DRAMA
_9207189
942 _hO32,2N,2, K1
_cTEXL
_2cc
999 _c1031515
_d1031515